Every ATP tournament won by Alexander Zverev - Statistics

General Stats
  • This quiz has been taken 11 times
  • The average score is 18 of 24
Answer Stats
Year ATP Title % Correct
2018 ATP Finals
100%
2021 ATP Finals
100%
2017 Munich
100%
2018 Munich
100%
2025 Munich
100%
2017 Rome
100%
2024 Rome
100%
2023 Hamburg
90%
2018 Madrid
90%
2021 Madrid
90%
2024 Paris
90%
2017 Washington D.C.
90%
2018 Washington D.C.
90%
2021 Cincinnati
80%
2017 Montreal
80%
2021 Vienna
70%
2020 Olympic Games
60%
2016 Saint Petersburg
60%
2021 Acapulco
50%
2023 Chengdu
50%
2019 Geneva
50%
2017 Montpellier
40%
2020 Koln
20%
2020 Koln 2
20%
No matching quizzes found
Score Distribution
Percent of People with Each Score
Percentile by Number Answered
Your Score History
You have not taken this quiz